[Event "ch-RUS Girls U20"]
[Site "Vladimir RUS"]
[Date "2002.03.02"]
[Round "2"]
[White "Zakurdjaeva,I"]
[Black "Kucherova,L"]
[Result "1-0"]
[WhiteElo "2310"]
[BlackElo "2171"]

1.e4 c5 2.Nf3 Nc6 3.Nc3 Nf6 4.d4 cxd4 5.Nxd4 e5 6.Ndb5 d6 7.Bg5 a6 8.Na3 b5
9.Bxf6 gxf6 10.Nd5 Bg7 11.c3 f5 12.exf5 Bxf5 13.Nc2 O-O 14.Nce3 Be6 15.Bd3 f5
16.O-O Ne7 17.Nxe7+ Qxe7 18.Bxf5 Kh8 19.Be4 Rad8 20.Qh5 Bf6 21.Nd5 Bxd5 22.Bxd5 Bg5
23.Rad1 Qg7 24.Rd3 Bf4 25.Rh3 Rf6 26.Qe2 Rdf8 27.Be4 Bh6 28.Kh1 Qf7 29.g4 Qd7
30.Rh5 Rg8 31.Rg1 Rg5 32.Rh3 Qf7 33.Qd3 Qf8 34.f3 Qe7 35.a4 Qd7 36.axb5 axb5
37.Ra1 Rg8 38.Rh5 b4 39.cxb4 Qc7  1-0

[Event "Anibal Open"]
[Site "Linares ESP"]
[Date "2002.03.03"]
[Round "3"]
[White "Tissir,M"]
[Black "Ruiz Jimenez,F"]
[Result "1-0"]
[WhiteElo "2368"]
[BlackElo "2119"]

1.e4 c5 2.Nc3 Nc6 3.Bb5 g6 4.Bxc6 bxc6 5.d3 Bg7 6.Nge2 d6 7.O-O Rb8 8.Rb1 Nh6
9.h3 e5 10.f4 Qh4 11.Qe1 Qxe1 12.Rxe1 Ng8 13.a3 Ba6 14.fxe5 Bxe5 15.b4 Bd4+
16.Nxd4 cxd4 17.Ne2 c5 18.Bf4 Rb6 19.bxc5 dxc5 20.Bb8 Nf6 21.Rxb6 axb6 22.Be5  1-0

[Event "ch-RUS Girls U20"]
[Site "Vladimir RUS"]
[Date "2002.03.03"]
[Round "3"]
[White "Kuzmina,O"]
[Black "Korbut,E"]
[Result "1-0"]
[WhiteElo "2236"]
[BlackElo "2359"]

1.e4 c5 2.Nf3 Nc6 3.Nc3 g6 4.d4 cxd4 5.Nxd4 Bg7 6.Nb3 d6 7.Be2 Nf6 8.O-O O-O
9.Re1 a6 10.Bg5 b5 11.Bf1 h6 12.Bh4 Nd7 13.Rb1 Bb7 14.Nd5 Re8 15.c3 Rc8 16.f4 Nb6
17.Kh1 Na4 18.Qd2 Qd7 19.Rbd1 Kf8 20.Qf2 Rcd8 21.Re3 Nxb2 22.Qxb2 Qg4 23.Qe2 Qxh4
24.Rh3 Qxh3 25.gxh3 e6 26.Ne3 Bxc3 27.Bg2 Bg7 28.Bf3 Re7 29.Qg2 Rc7 30.h4 h5
31.Qg5 Ne7 32.f5 exf5 33.Nd5 Bxd5 34.exd5 Rdc8 35.Na5 Rc3 36.Bg2 Ng8 37.Qd2 Bh6
38.Qd4 R8c5 39.Nb3 R5c4 40.Qb6 Bf4 41.Nd4 Rc1 42.Rf1 Nf6 43.Qd8+ Ne8 44.Ne2 Rxf1+
45.Bxf1 Be5 46.Kg2 Rxh4 47.Qxh4  1-0

[Event "Anibal Open"]
[Site "Linares ESP"]
[Date "2002.03.05"]
[Round "5"]
[White "Tissir,M"]
[Black "Cheparinov,I"]
[Result "1/2-1/2"]
[WhiteElo "2368"]
[BlackElo "2450"]

1.e4 c5 2.Nc3 Nc6 3.Bb5 Nd4 4.Bc4 g6 5.Nf3 Bg7 6.O-O a6 7.Nxd4 cxd4 8.Ne2 Nf6
9.d3 d5 10.exd5 Nxd5 11.Nf4 Nb6 12.Bb3 O-O 13.Qf3 Nd7 14.Bd2 Nc5 15.Bd5 e6
16.Bc4 Bd7 17.b4 Bc6 18.Qg3 b5 19.bxc5 bxc4 20.dxc4 e5 21.Nd3 Re8 22.Rab1 a5
23.Rb6 Qd7 24.Re1 f6 25.h3 Bf8 26.f3 Bg7 27.Re2 Rec8 28.Qe1 Qf7 29.Bxa5 Qxc4
30.a3 Bh6 31.Bd2 Bxd2 32.Qxd2 Rxa3 33.Qb4 Ra1+ 34.Kh2 Qf7 35.Re1 Ra2 36.Rb8 Ra8
37.Rxc8+ Rxc8 38.Ra1 Qe6 39.Re1 Qa2 40.Rc1 Qe6 41.Re1 Qa2 42.Rc1 Qe6  1/2-1/2

[Event "National Open"]
[Site "Las Vegas USA"]
[Date "2002.03.08"]
[Round "1"]
[White "Kudrin,S"]
[Black "Trammell,G"]
[Result "1-0"]
[WhiteElo "2524"]
[BlackElo "2081"]

1.e4 c5 2.Nc3 Nc6 3.Nge2 e5 4.Nd5 d6 5.Nec3 Be6 6.Bc4 Nge7 7.d3 Bxd5 8.Nxd5 Nxd5
9.Bxd5 Be7 10.O-O Qd7 11.f4 Bf6 12.c3 Ne7 13.Bb3 d5 14.fxe5 Bxe5 15.Qh5 Qe6
16.exd5 Nxd5 17.Bxd5 Qxd5 18.Re1  1-0

[Event "TCh-CZE 2001-2"]
[Site "CZE"]
[Date "2002.03.09"]
[Round "8"]
[White "Macieja,B"]
[Black "Trichkov,V"]
[Result "1-0"]
[WhiteElo "2612"]
[BlackElo "2331"]

1.e4 c5 2.Nc3 Nc6 3.Nf3 g6 4.d4 cxd4 5.Nxd4 Bg7 6.Be3 Nf6 7.Bc4 O-O 8.Bb3 Na5
9.e5 Nxb3 10.exf6 Nxa1 11.fxg7 Re8 12.Qxa1 e5 13.Nde2 d5 14.Bh6 d4 15.Ne4 Bf5
16.Bg5 Qa5+ 17.b4 Qxb4+ 18.c3 Qa5 19.Nf6+ Kxg7 20.Nxe8+ Rxe8 21.O-O Bd3 22.Re1 Bxe2
23.Rxe2 Qxc3 24.Qxc3 dxc3 25.Rc2 Rc8 26.Be3 b5 27.Bxa7 b4 28.Kf1 Kf6 29.Ke2 Ke6
30.f3 Kd5 31.Kd3 f5 32.Bf2 e4+ 33.fxe4+ fxe4+ 34.Ke3 Kc4 35.Bg3 Re8 36.Bf4 Re6
37.g4 h5 38.gxh5 gxh5 39.Rg2 Re8 40.h4 Re6 41.Bg5 Kd5 42.Rf2 Rc6 43.Rf5+ Kc4
44.Ra5 c2 45.Kxe4 Re6+ 46.Kf5 Re1 47.Ra8 Rf1+ 48.Kg6 Kc3 49.Rc8+ Kd3 50.Kxh5 Rf5
51.Kg6 Ra5 52.h5 Ra6+ 53.Kf7 Ra5 54.Kg6 Ra6+ 55.Kf5 Rxa2 56.Rd8+ Kc4 57.Rc8+ Kd3
58.Rd8+ Kc4 59.Bc1 b3 60.Re8 Kd3 61.h6 b2 62.Bxb2 Rxb2 63.h7 Rb5+ 64.Kg4 Rb4+
65.Kg3 Rb8 66.Rxb8 c1=Q 67.Rd8+ Ke2 68.Re8+ Kd3 69.h8=Q Qg5+ 70.Kh3 Qf5+
71.Kh4 Qf4+ 72.Kh5 Qf5+ 73.Kh6 Qf4+ 74.Kg6 Qg4+ 75.Kf7 Qd7+ 76.Re7 Qd5+ 77.Re6 Qd7+
78.Kf6 Qd4+ 79.Re5 Qf4+ 80.Kg6 Qg4+  1-0

[Event "Anibal Open"]
[Site "Linares ESP"]
[Date "2002.03.09"]
[Round "9"]
[White "Suarez Pousa,D"]
[Black "Arencibia,W"]
[Result "0-1"]
[WhiteElo "2398"]
[BlackElo "2542"]

1.e4 c5 2.Nc3 Nc6 3.Nf3 e5 4.Bc4 d6 5.d3 Be7 6.O-O Bg4 7.Ne2 Bxf3 8.gxf3 Bg5
9.f4 exf4 10.Nxf4 Nf6 11.Nd5 Bxc1 12.Rxc1 O-O 13.Kh1 Ne5 14.f3 Rb8 15.c3 b5
16.Bb3 c4 17.Nxf6+ Qxf6 18.Bc2 cxd3 19.Bxd3 Rfe8 20.f4 Nxd3 21.Qxd3 Qe6 22.Rce1 Qxa2
23.Rg1 Qc4 24.Qxd6 g6 25.f5 Rbd8 26.Qf6 Qc7 27.Rg3 Qf4 28.e5 Rd2 29.e6 Rxe6
30.fxe6 Qxf6 31.e7 Rxh2+  0-1

[Event "ch-POL w"]
[Site "Ostrow POL"]
[Date "2002.03.09"]
[Round "5"]
[White "Radziewicz,I"]
[Black "Pokojska,D"]
[Result "1-0"]
[WhiteElo "2395"]
[BlackElo "2029"]

1.e4 c5 2.Nc3 Nc6 3.Bb5 Nd4 4.Bc4 g6 5.Nf3 Bg7 6.Nxd4 cxd4 7.Qf3 e6 8.Nb5 d6
9.Qa3 Bf8 10.Nxd4 d5 11.Bb5+ Bd7 12.Qf3 Bg7 13.Bxd7+ Qxd7 14.Nb3 dxe4 15.Qxe4 Nf6
16.Qf3 Rc8 17.c3 O-O 18.d4 Qb5 19.Qe2 Qf5 20.O-O Rfe8 21.Be3 Nd5 22.Rae1 h6
23.Bc1 Kh7 24.f4 a5 25.Nc5 Rc7 26.Ne4 Qh5 27.Qxh5 gxh5 28.f5 b5 29.Nd6 Rb8
30.fxe6 fxe6 31.Rxe6 b4 32.c4 Nb6 33.b3 Bxd4+ 34.Kh1 Bg7 35.Ne8  1-0

[Event "TCh-AUT 2001-2"]
[Site "Dornbirn AUT"]
[Date "2002.03.10"]
[Round "11"]
[White "Atlas,V"]
[Black "Tischbierek,R"]
[Result "1/2-1/2"]
[WhiteElo "2503"]
[BlackElo "2505"]

1.e4 c5 2.Nf3 Nc6 3.Nc3 d6 4.d4 cxd4 5.Nxd4 Nf6 6.g3 g6 7.Nde2 Bg7 8.Bg2 O-O
9.O-O Rb8 10.a4 a6 11.Nd5 b5 12.axb5 axb5 13.Be3 b4 14.Nd4 Nxd4 15.Bxd4 Nxd5
16.exd5 Bxd4 17.Qxd4 Bf5 18.Ra7 Bxc2 19.Re1 Re8 20.Bh3 b3 21.Bd7 Rf8 22.Bc6 Qb6
23.Qxb6 Rxb6 24.Rexe7 g5 25.f3 Rb4 26.Kf2 Rd4 27.Rad7 Rd1 28.Re1 Rd2+ 29.Re2 Rd1
30.Rxd6 Rb1 31.Rd7 Rxb2 32.d6 Ra2 33.Rb7 Bd3 34.Rxa2 bxa2 35.Ra7 Bc4 36.Ke3 Rd8
37.Kd4 Rxd6+ 38.Kxc4 Rxc6+ 39.Kd3  1/2-1/2

[Event "ClubCh-EST"]
[Site "Parnu EST"]
[Date "2002.03.10"]
[Round "4"]
[White "Tarakanov,O"]
[Black "Narva,J"]
[Result "0-1"]
[WhiteElo "2172"]
[BlackElo "2300"]

1.e4 c5 2.Nf3 Nc6 3.Nc3 e6 4.Be2 Nf6 5.O-O d5 6.exd5 exd5 7.d4 Be6 8.Bg5 c4
9.Bxf6 Qxf6 10.Bxc4 dxc4 11.d5 O-O-O  0-1

[Event "Mediteran Cup IM"]
[Site "Rijeka CRO"]
[Date "2002.03.10"]
[Round "2"]
[White "Guidarelli,L"]
[Black "Videki,S"]
[Result "1-0"]
[WhiteElo "2283"]
[BlackElo "2443"]

1.e4 c5 2.Nc3 Nc6 3.Nf3 d6 4.d4 cxd4 5.Nxd4 Nf6 6.f3 Nxd4 7.Qxd4 g6 8.Bb5+ Bd7
9.Bxd7+ Qxd7 10.Nd5 Bg7 11.Bg5 Nh5 12.Qb4 e6 13.g4 exd5 14.gxh5 a5 15.Qd2 O-O
16.O-O-O dxe4 17.fxe4 Rfc8 18.h6 Bh8 19.Rhf1 Qa4 20.Bf6 Qxa2 21.Qd4 Rc4 22.Qxd6 Qa1+
23.Kd2 Qa4 24.b3 Rc6 25.Qd3 Qb4+ 26.c3 Qf8 27.Bxh8 Kxh8 28.Qd4+ Kg8 29.Kc2 Qxh6
30.Rf2 Rac8 31.Rd3 Qg7 32.Qxg7+ Kxg7 33.Rd7 Rxc3+ 34.Kb2 Kg8 35.Rfxf7 Rc2+
36.Ka3 Rxh2 37.Rxb7 Rc1 38.Ka4 Rh5 39.Rg7+ Kf8 40.Rbf7+ Ke8 41.Re7+ Kf8 42.Ref7+ Ke8
43.Re7+ Kd8 44.e5 Rc5 45.Ra7  1-0

[Event "ch-RUS Girls U20"]
[Site "Vladimir RUS"]
[Date "2002.03.10"]
[Round "9"]
[White "Kuzmina,O"]
[Black "Kucherova,L"]
[Result "1-0"]
[WhiteElo "2236"]
[BlackElo "2171"]

1.e4 c5 2.Nf3 Nc6 3.Nc3 Nf6 4.e5 Ng4 5.Qe2 Nh6 6.Ne4 e6 7.d4 Nf5 8.dxc5 Bxc5
9.Nxc5 Qa5+ 10.Bd2 Qxc5 11.O-O-O Nfd4 12.Nxd4 Nxd4 13.Qe4 Nc6 14.f4 b6 15.Be3 Qe7
16.Rd6 Bb7 17.Be2 Na5 18.Qa4 Bc6 19.Bb5 O-O 20.Rhd1 Rfd8 21.Bf2 Rac8 22.Kb1 Bd5
23.b3 Nc6 24.Bc4 Bxc4 25.bxc4 Rb8 26.Ka1 f6 27.Bh4 g5 28.fxg5 fxe5 29.R6d2 Nd4
30.c3 Nf5 31.Rxd7 Rxd7 32.Rxd7 Qc5 33.Be1 Qe3 34.Bd2 Qg1+ 35.Kb2 Qxg2 36.Qxa7 Qa8  1-0

[Event "Ciocaltea Mem"]
[Site "Bucharest ROM"]
[Date "2002.03.11"]
[Round "8"]
[White "Lupulescu,C"]
[Black "Rogozenko,D"]
[Result "1/2-1/2"]
[WhiteElo "2473"]
[BlackElo "2530"]

1.e4 c5 2.Nf3 Nc6 3.Nc3 e5 4.Bc4 Be7 5.d3 d6 6.Nd2 Nf6 7.Nf1 Bg4 8.f3 Be6
9.Ne3 O-O 10.O-O Rb8 11.f4 exf4 12.Ned5 Bxd5 13.Nxd5 b5 14.Bb3 a5 15.a4 Nd4
16.Nxe7+ Qxe7 17.Ba2 bxa4 18.c3 Ne6 19.Bxe6 fxe6 20.Rxf4 Nd7 21.Rxf8+ Rxf8
22.Qe2 Qh4 23.g3 Qh3 24.Bf4 e5 25.Bd2 Rb8 26.Be3 Nf6 27.Bg5 Ne8 28.Rxa4 h6
29.Be3 Nf6 30.Rxa5 Ng4 31.Ra2 Rf8 32.Ra1 h5 33.Re1 Rf2 34.Bxf2 Qxh2+ 35.Kf1 Qh3+
36.Kg1 Qh2+ 37.Kf1 Qh3+  1/2-1/2

[Event "ch-POL w"]
[Site "Ostrow POL"]
[Date "2002.03.11"]
[Round "7"]
[White "Kadziolka,B"]
[Black "Andrzejewska,E"]
[Result "1-0"]
[WhiteElo "2210"]
[BlackElo "2231"]

1.e4 c5 2.Nf3 Nc6 3.Nc3 g6 4.d4 cxd4 5.Nxd4 Bg7 6.Be3 Nf6 7.Bc4 d6 8.f3 O-O
9.Qd2 Bd7 10.O-O-O Rc8 11.Bb3 Na5 12.h4 b5 13.Ndxb5 Nxb3+ 14.axb3 a5 15.h5 Rb8
16.Nd4 Qc7 17.Bh6 e6 18.Bxg7 Kxg7 19.hxg6 fxg6 20.Nde2 Rb6 21.e5 dxe5 22.Ne4 Be8
23.Nxf6 Rxf6 24.Qh6+ Kg8 25.Nc3 a4 26.bxa4 Rf8 27.Rd8 Rb7 28.Rhd1 Qc4 29.Qg5 Qb4
30.Qxe5 Qxb2+ 31.Kd2 Qb6 32.Rd6 Qa7 33.Ne4 Rbf7 34.Qxe6 Qxa4 35.Rh1 Qa5+
36.Ke2 Kg7 37.Rd5 Bb5+ 38.Kf2 Qa7+ 39.Kg3 Bc4 40.Qe5+ Kg8 41.Rd6 Qc7 42.Rxg6+  1-0

[Event "ch-POL w"]
[Site "Ostrow POL"]
[Date "2002.03.11"]
[Round "7"]
[White "Grabarska,B"]
[Black "Pokojska,D"]
[Result "1/2-1/2"]
[WhiteElo "2302"]
[BlackElo "2029"]

1.e4 c5 2.Nc3 Nc6 3.Nf3 g6 4.d4 cxd4 5.Nxd4 Bg7 6.Be3 d6 7.Bc4 Nxd4 8.Bxd4 Nf6
9.Nd5 e5 10.Nxf6+ Qxf6 11.Bb5+ Bd7 12.Bxd7+ Kxd7 13.Be3 Qe6 14.O-O Rhd8 15.f4 exf4
16.Bxf4 Ke8 17.Qd2 Kf8 18.Bh6 Kg8 19.Bxg7 Kxg7 20.Rae1 Qe5 21.b3 Rac8 22.c4 Rd7
23.Rf3 b5 24.cxb5 Qxb5 25.Rd3 Qc5+ 26.Kh1 Qc2 27.Qe3 Qc5 28.Qe2 Re7 29.h3 Rce8
30.Qb2+ Kg8 31.Rd4 Qc6 32.Rc4 Qb7 33.Qd4 d5 34.Rb4 Qc6 35.e5 f6 36.e6 Rxe6
37.Rxe6 Qxe6 38.Rb7 Qe1+ 39.Kh2 Qe5+ 40.Qxe5 fxe5 41.Rxa7 e4 42.Kg1 e3 43.Kf1 Rd8
44.Ke2 d4 45.Re7 d3+ 46.Kd1 e2+ 47.Kd2 Kf8 48.Re3  1/2-1/2

[Event "ch-POL w"]
[Site "Ostrow POL"]
[Date "2002.03.13"]
[Round "9"]
[White "Jurkiewicz,Ka"]
[Black "Balkiewicz,E"]
[Result "0-1"]
[WhiteElo "2175"]
[BlackElo "2085"]

1.e4 c5 2.Nc3 Nc6 3.Bb5 e6 4.Bxc6 bxc6 5.d3 Nf6 6.f4 Be7 7.Nf3 O-O 8.O-O Ba6
9.b3 Rb8 10.Kh1 d5 11.e5 Nd7 12.Qe1 Nb6 13.Qg3 Kh8 14.Rd1 Qc7 15.Ba3 Nd7
16.Ne2 Nb6 17.c4 Nd7 18.Qh3 Rbe8 19.Bb2 d4 20.Ng3 f6 21.Nh4 Kg8 22.Qxe6+ Rf7
23.Nhf5 fxe5 24.fxe5 Nf8 25.Nxe7+ Rxe7 26.Qd6 Rxe5 27.Qxc7 Rxc7 28.Ne4 Bc8
29.Ba3 Ne6 30.Re1 Nf4 31.Nxc5 Rce7 32.Re4 Nxd3 33.Nxd3 Rxe4 34.Bxe7 Rxe7
35.Kg1 Bf5 36.Nc5 Re5 37.b4 Bc2 38.Rf1 d3 39.Rf2 Re1+ 40.Rf1 Rxf1+  0-1

[Event "Mediteran Cup IM"]
[Site "Rijeka CRO"]
[Date "2002.03.15"]
[Round "8"]
[White "Guidarelli,L"]
[Black "Doric,D"]
[Result "1-0"]
[WhiteElo "2283"]
[BlackElo "2253"]

1.e4 c5 2.Nc3 Nc6 3.Nf3 e5 4.Bc4 d6 5.d3 Be7 6.Nd2 Nf6 7.Nf1 O-O 8.Ne3 a6
9.a3 Rb8 10.O-O b5 11.Ba2 a5 12.Ncd5 Nxd5 13.Nxd5 b4 14.f4 exf4 15.Bxf4 Bg5
16.Qh5 Bxf4 17.Rxf4 Ne5 18.Rh4 h6 19.Rf1 Be6 20.Nf6+ Kh8 21.h3 Bxa2 22.Qg5  1-0

[Event "Mediteran Cup IM"]
[Site "Rijeka CRO"]
[Date "2002.03.15"]
[Round "8"]
[White "Videki,S"]
[Black "Bosiocic,Mari"]
[Result "1-0"]
[WhiteElo "2443"]
[BlackElo "2079"]

1.e4 c5 2.Nc3 Nc6 3.Bb5 Nd4 4.Bc4 e6 5.Nf3 Nxf3+ 6.Qxf3 a6 7.a4 d6 8.d3 Nf6
9.O-O Bd7 10.Qg3 Bc6 11.f4 Qd7 12.f5 O-O-O 13.Bb3 d5 14.fxe6 fxe6 15.e5 Ne8
16.Bg5 g6 17.a5 Ng7 18.Na4 Kb8 19.Nb6 Qe8 20.Bxd8 Qxd8 21.Ba4 Nf5 22.Qh3 Bxa4
23.Rxa4 Bg7 24.g4 Nd4 25.Rf7 Ka7 26.Rxd4 cxd4 27.Rxg7 Qg5 28.Rf7 Qxe5 29.Qg3  1-0

[Event "TCh-FIN 2001-02"]
[Site "FIN"]
[Date "2002.03.16"]
[Round "8"]
[White "Linnanen,L"]
[Black "Tiitta,S"]
[Result "0-1"]
[WhiteElo "2188"]
[BlackElo "2237"]

1.e4 c5 2.Nf3 Nc6 3.Nc3 g6 4.d4 cxd4 5.Nxd4 Bg7 6.Be3 Nf6 7.Bc4 Qa5 8.O-O O-O
9.Bb3 d6 10.h3 Bd7 11.f4 Rad8 12.Nde2 Bc8 13.Qe1 Qa6 14.Qf2 b6 15.Ng3 Na5
16.Rfd1 Nxb3 17.axb3 Qb7 18.Bd4 Ne8 19.Bxg7 Nxg7 20.f5 gxf5 21.exf5 f6 22.Ra4 Rf7
23.Nd5 Qd7 24.Rf4 Bb7 25.Ne3 e5 26.fxe6 Qxe6 27.Nef5 Nxf5 28.Nxf5 Kh8 29.Re1 Qd5
30.c4 Qc5 31.Nd4 Rg8 32.g4 Qc8 33.Rxf6 Rxg4+ 34.hxg4 Qxg4+ 35.Kf1 Bg2+ 36.Kg1 Bf3+
37.Kh2 Qh5+ 38.Kg3 Qg4+ 39.Kh2 Rxf6 40.Re8+ Kg7 41.Re6 Qf4+ 42.Qg3+ Qxg3+
43.Kxg3 Rxe6 44.Nxe6+ Kf6 45.Nd4 Bd1 46.Kf4 a5 47.Nf5 Ke6 48.Nd4+ Kd7 49.Kg5 h5
50.Kh4 Bg4 51.Kg5 d5 52.cxd5 Kd6 53.Nc2 Kxd5 54.b4 a4 55.Na3 Be2 56.Nb1 Kc4
57.Nc3 Kxb4 58.Nxe2 Kb3 59.Nc1+ Kxb2 60.Nd3+ Kc3 61.Nc1 Kc2 62.Na2 Kb2 63.Nb4 a3
64.Kxh5 a2  0-1

[Event "13th Goodricke"]
[Site "Calcutta IND"]
[Date "2002.03.24"]
[Round "8"]
[White "Shetty,R"]
[Black "Hossain,Enam"]
[Result "1-0"]
[WhiteElo "2335"]
[BlackElo "2426"]

1.e4 c5 2.Nf3 Nc6 3.Nc3 e5 4.Bc4 Be7 5.d3 d6 6.O-O Nf6 7.Ng5 O-O 8.f4 exf4
9.Bxf4 h6 10.Nf3 Be6 11.Nd5 Bxd5 12.Bxd5 Nxd5 13.exd5 Nd4 14.Nxd4 cxd4 15.Qg4 Kh8
16.Rae1 Rc8 17.Re2 Rc5 18.Bxh6 gxh6 19.Qxd4+ f6 20.Rfe1 Rc7 21.Qxa7 Rg8 22.Qd4 Qf8
23.c4 Rg5 24.a4 Re5 25.a5 Bd8 26.b4 Rce7 27.Qf2 Qg7 28.g3 f5 29.Kg2 Kh7 30.Rxe5 Rxe5
31.Rxe5 Qxe5 32.d4 Qe4+ 33.Qf3 Qb1 34.c5 Kg6 35.g4 fxg4 36.Qxg4+ Bg5 37.h4 Qa2+
38.Kg1 Qb1+ 39.Kh2 Qb2+ 40.Kh3 Qb3+ 41.Qg3 Qxd5 42.Qd3+ Kg7 43.hxg5 hxg5
44.Kg4 Kh6 45.Qh3+ Kg7 46.Qe3 Qg2+ 47.Qg3 Qe4+ 48.Kxg5 Qxd4 49.Kf5+ Kf7 50.Qg6+ Ke7
51.Qe6+  1-0

[Event "4th Rector Cup"]
[Site "Kharkov UKR"]
[Date "2002.03.24"]
[Round "3"]
[White "Kobalia,M"]
[Black "Moiseenko,A"]
[Result "1-0"]
[WhiteElo "2620"]
[BlackElo "2559"]

1.e4 c5 2.Nc3 Nc6 3.Nge2 g6 4.d4 cxd4 5.Nxd4 Bg7 6.Be3 Nf6 7.Bc4 O-O 8.O-O Nxe4
9.Nxe4 d5 10.Nxc6 bxc6 11.Bd3 dxe4 12.Bxe4 Qc7 13.c3 Rb8 14.Qe2 Be6 15.Rfd1 Rfd8
16.Rxd8+ Rxd8 17.Bc5 Bd5 18.Bxd5 Rxd5 19.Qxe7 Qxe7 20.Bxe7 Rd2 21.Rb1 f5
22.Bg5 Rd7 23.Kf1 Rb7 24.Bd2 Kf7 25.Ke2 Be5 26.Kd3 Rd7+ 27.Kc2 f4 28.Re1 Bc7
29.Re4 g5 30.g3 fxg3 31.fxg3 h6 32.Rc4 Rd6 33.h4 gxh4 34.Bf4 Rd7 35.Bxc7 Rxc7
36.Rxh4 Kg6 37.Rc4 Kf5 38.b4 Ke5 39.Rh4 Rh7 40.Rh5+ Ke4 41.g4 Rg7 42.Rxh6 c5
43.bxc5 Rxg4 44.Rd6 Ke5 45.Kb3 Rh4 46.Rd4 Rh8 47.Kc4 Rc8 48.Rd7 a6 49.Rd6 a5
50.Rh6  1-0

[Event "Suetin Mem"]
[Site "Tula RUS"]
[Date "2002.03.24"]
[Round "2"]
[White "Kupreichik,V"]
[Black "Vaulin,A"]
[Result "1-0"]
[WhiteElo "2421"]
[BlackElo "2560"]

1.e4 c5 2.Nc3 Nc6 3.Nf3 e5 4.Bc4 Be7 5.d3 d6 6.O-O Bg4 7.h3 Bh5 8.Nd5 Nf6
9.Ne3 Nd4 10.g4 Bg6 11.c3 Nxf3+ 12.Qxf3 Qd7 13.g5 Nh5 14.Nd5 Bd8 15.Qg4 a6
16.h4 f5 17.exf5 Qxf5 18.Qg2 Bf7 19.f4 O-O 20.fxe5 Qxe5 21.Bd2  1-0

[Event "Supercom Cup"]
[Site "Bucharest ROM"]
[Date "2002.03.25"]
[Round "8"]
[White "Golubev,M"]
[Black "Dumitrache,D"]
[Result "1-0"]
[WhiteElo "2531"]
[BlackElo "2506"]

1.e4 c5 2.Nf3 Nc6 3.Nc3 e5 4.Bc4 d6 5.d3 Be7 6.Nd2 Nf6 7.Nf1 Nd7 8.Ne3 Nb6
9.O-O O-O 10.Ncd5 Bg5 11.c3 Bxe3 12.Bxe3 Nxc4 13.dxc4 f5 14.exf5 Bxf5 15.Qd2 Qd7
16.f4 Rf7 17.Rae1 Raf8 18.b3 b6 19.Bf2 exf4 20.Nxf4 Ne5 21.Bg3 h6 22.Nd5 Kh8
23.h3 Bh7 24.Rxf7 Qxf7 25.Kh2 Qh5 26.Nf4 Qf5 27.Qxd6 Re8 28.Rxe5 Rxe5 29.Qb8+  1-0

[Event "13th Goodricke"]
[Site "Calcutta IND"]
[Date "2002.03.26"]
[Round "10"]
[White "Shetty,R"]
[Black "Sriram,J"]
[Result "1/2-1/2"]
[WhiteElo "2335"]
[BlackElo "2408"]

1.e4 c5 2.Nf3 Nc6 3.Nc3 g6 4.d4 cxd4 5.Nxd4 Bg7 6.Be3 Nf6 7.Bc4 O-O 8.Bb3 d6
9.f3 Bd7 10.Qd2 Nxd4 11.Bxd4 b5 12.a4 b4 13.Nd5 Nxd5 14.Bxg7 Kxg7 15.exd5 a5
16.h4 h5 17.Qd4+ f6 18.g4 hxg4 19.fxg4 Qc8 20.g5 Qc5 21.Qxc5 dxc5 22.O-O-O fxg5
23.hxg5 Rf4 24.Rde1 Re8 25.Rhf1 Rg4 26.Rg1 Rf4 27.Rgf1 Rg4 28.Rg1 Rxg1 29.Rxg1 Rh8
30.d6 exd6 31.Rd1 Bg4 32.Re1 Rh5 33.Re7+ Kf8 34.Rf7+ Ke8 35.Rf6 Rh1+ 36.Kd2 d5
37.c3 Rh2+ 38.Kc1 Rh1+ 39.Kd2 Rh2+  1/2-1/2

[Event "Suetin Mem"]
[Site "Tula RUS"]
[Date "2002.03.26"]
[Round "4"]
[White "Grigoriants,S RUS"]
[Black "Bakutin,A"]
[Result "1-0"]
[WhiteElo "2443"]
[BlackElo "2224"]

1.Nf3 c5 2.e4 Nc6 3.Nc3 e5 4.Bc4 d6 5.d3 Be7 6.Nd2 Nf6 7.Nf1 O-O 8.Ne3 Nd7
9.Ncd5 Nb6 10.Nxb6 axb6 11.O-O Kh8 12.f4 exf4 13.Rxf4 Be6 14.Rf1 Bg5 15.Bd5 Bxe3+
16.Bxe3 Bxd5 17.exd5 Nb4 18.c4 Nxa2 19.Bd2 Ra6 20.Qh5 Nb4 21.Rae1 Nc2 22.Re4 g6
23.Qh6 f6 24.Rh4 Qe7 25.Qxg6 Ra1 26.Rxa1 Nxa1 27.Qe4 Rf7 28.Bc3 Qxe4 29.Rxe4 Nb3
30.Re6 Kg7 31.Kf2 Nc1 32.Ke3 Kg6 33.Rxd6 Nb3 34.Rxb6 Re7+ 35.Re6  1-0

[Event "13th Goodricke"]
[Site "Calcutta IND"]
[Date "2002.03.27"]
[Round "11"]
[White "Sriram,J"]
[Black "Al Sayed,Mohamad"]
[Result "0-1"]
[WhiteElo "2408"]
[BlackElo "2413"]

1.e4 c5 2.Nf3 Nc6 3.Nc3 g6 4.d4 cxd4 5.Nxd4 Bg7 6.Be3 Nf6 7.Bc4 d6 8.f3 Qb6
9.Bb5 Qc7 10.Nd5 Nxd5 11.exd5 a6 12.Bxc6+ bxc6 13.Nxc6 Bb7 14.Bd4 O-O 15.Bxg7 Kxg7
16.Qd4+ Kg8 17.Nb4 a5 18.Nd3 Qxc2 19.O-O Rac8 20.Rfe1 Qc4 21.Qxc4 Rxc4 22.Rxe7 Bxd5
23.Rd7 Rd4 24.Nf2 Be6 25.Rc7 Rd2 26.b3 d5 27.Rc5 Rc8 28.Rxc8+ Bxc8 29.a3 Rb2
30.Rd1 Be6 31.b4 Ra2 32.bxa5 Rxa3 33.Nd3 Rxa5 34.Nf4 Kg7 35.Kf2 Kf6 36.Ke3 g5
37.Nxe6 Ra3+ 38.Kf2 Ra2+ 39.Kg3 fxe6 40.Rc1 h5 41.Rc8 d4 42.Rd8 Ke5 43.h4 gxh4+
44.Kh3 Ra5 45.Kxh4 Rd5 46.Ra8 d3 47.Ra1 d2 48.Rd1 Kf4 49.g4 hxg4 50.fxg4 e5
51.g5 e4 52.g6 e3 53.g7 Rd8 54.Rf1+ Ke4 55.Rf8 d1=Q 56.g8=Q Qh1+ 57.Kg3 Qg1+
58.Kh3 Qxg8  0-1

[Event "XLVIII Nat & Int"]
[Site "Hermosillo MEX"]
[Date "2002.03.27"]
[Round "2"]
[White "Ramirez,Al"]
[Black "Galaviz,M"]
[Result "1-0"]
[WhiteElo "2288"]
[BlackElo "2110"]

1.e4 c5 2.Nf3 Nc6 3.Nc3 d6 4.d4 cxd4 5.Nxd4 e5 6.Nb3 Nf6 7.Be2 Be7 8.O-O O-O
9.Bf3 Be6 10.Nd5 Rc8 11.Be3 Re8 12.c4 b6 13.Qd2 Bf8 14.a4 Nb8 15.Rfc1 Nbd7
16.a5 Bxd5 17.cxd5 Rxc1+ 18.Rxc1 Nc5 19.Nxc5 bxc5 20.b4 Qc7 21.Qc3 Rc8 22.Qc4 h6
23.Bd1 Qd7 24.bxc5 dxc5 25.Rb1 Qc7 26.Rb5 Rb8 27.f3 Rxb5 28.Qxb5 Bd6 29.Ba4 c4
30.Kf2 c3 31.Bc2 Kf8 32.Qc6 Qb8 33.Qxc3 Ke7 34.Qc6 Nh5 35.a6 Nf6 36.Qb7+ Qxb7
37.axb7 Bb8 38.Bc5+ Ke8 39.Ba4+ Nd7 40.Bxd7+ Kxd7 41.Bf8 g6 42.Bxh6 Kc7 43.h4 Kxb7
44.Bf8 a5 45.g4  1-0

[Event "Economic Faculty"]
[Site "Subotica YUG"]
[Date "2002.03.27"]
[Round "2"]
[White "Ermenkov,E"]
[Black "Todorovic,J"]
[Result "1-0"]
[WhiteElo "2460"]
[BlackElo "2426"]

1.e4 c5 2.Nc3 Nc6 3.Nge2 Nf6 4.g3 d5 5.exd5 Nd4 6.Nxd4 cxd4 7.Nb5 a6 8.Nxd4 e5
9.Nb3 Qxd5 10.f3 Bf5 11.d3 Rc8 12.Bd2 Be7 13.Bg2 Qc6 14.Rc1 h5 15.Qe2 Nd7
16.O-O h4 17.g4 h3 18.gxf5 hxg2 19.Qxg2 Qf6 20.f4 exf4 21.Bxf4 Qb6+ 22.Kh1 Kf8
23.Rce1 Bd6 24.c3 Bxf4 25.Rxf4 Nf6 26.d4 Qc7 27.Rf2 Re8 28.Rxe8+ Nxe8 29.Nc5 b6
30.Nxa6 Qc8 31.Nb4 Rh5 32.Qc6 Qb8 33.Qf3 Nf6 34.Nc6 Qa8 35.a3  1-0

[Event "Norwegian Open"]
[Site "Oslo NOR"]
[Date "2002.03.28"]
[Round "7"]
[White "Johnsen,Sv"]
[Black "Kolas,T"]
[Result "1/2-1/2"]
[WhiteElo "2155"]
[BlackElo "2181"]

1.e4 c5 2.Nc3 Nc6 3.Nf3 g6 4.h4 d6 5.Bc4 Nf6 6.d3 Bg7 7.Bg5 h6 8.Bf4 a6 9.a3 b5
10.Ba2 O-O 11.Qd2 h5 12.Bh6 e6 13.Bxg7 Kxg7 14.Ne2 d5 15.Qf4 e5 16.Nxe5 Nxe5
17.Qxe5 Re8 18.Qc3 dxe4 19.O-O-O Qc7 20.dxe4 c4 21.f3 a5 22.g4 b4 23.Qxc4 Qxc4
24.Bxc4 hxg4 25.Bb5  1/2-1/2

[Event "Economic Faculty"]
[Site "Subotica YUG"]
[Date "2002.03.28"]
[Round "3"]
[White "Todorovic,J"]
[Black "Cosma,I"]
[Result "0-1"]
[WhiteElo "2426"]
[BlackElo "2461"]

1.e4 c5 2.Nc3 Nc6 3.Bb5 Nd4 4.Bc4 g6 5.Nf3 Bg7 6.O-O d6 7.Nxd4 cxd4 8.Ne2 e6
9.c3 Nf6 10.d3 dxc3 11.Nxc3 O-O 12.Bb3 a6 13.a4 Bd7 14.Bf4 Bc6 15.Re1 d5
16.e5 Nd7 17.d4 f6 18.Qg4 fxe5 19.Qxe6+ Kh8 20.Bxe5 Nxe5 21.dxe5 Qb6 22.Bxd5 Rae8
23.Qh3 Qxf2+ 24.Kh1 Rxe5 25.Ne4 Rxe4  0-1

[Event "Economic Faculty"]
[Site "Subotica YUG"]
[Date "2002.03.28"]
[Round "3"]
[White "Sedlak,N"]
[Black "Ermenkov,E"]
[Result "0-1"]
[WhiteElo "2442"]
[BlackElo "2460"]

1.e4 c5 2.Nc3 Nc6 3.Bb5 Nd4 4.Bc4 e6 5.Nf3 Nf6 6.e5 d5 7.Nxd4 cxd4 8.Bb5+ Nd7
9.Ne2 Qg5 10.f4 Qxg2 11.Ng3 Qh3 12.b3 Bc5 13.Bb2 O-O 14.Qe2 Qh4 15.O-O-O Qxf4
16.Rde1 f5 17.Nh5 Qh6 18.Qf3 Rf7 19.h4 a6 20.Bd3 Nf8 21.Nf4 Bd7 22.Reg1 Ng6
23.Nxg6 hxg6 24.Rg5 Be8 25.Qf4 Rc7 26.Bxd4 Be7 27.Rh2 Bb5 28.Bxb5 axb5 29.Kb1 Kf7
30.Bg1 b4 31.Qf1 Bxg5 32.hxg5 Qxg5 33.Rg2 Qh4 34.d3 Rc6 35.Rh2 Qg4 36.Be3 Rca6
37.a4 b5 38.Rh7 bxa4 39.Bh6 Rg8 40.Qc1 axb3 41.cxb3 Ra7  0-1

[Event "Suetin Mem"]
[Site "Tula RUS"]
[Date "2002.03.29"]
[Round "7"]
[White "Kovalevskaya,E"]
[Black "Loginov,Va"]
[Result "0-1"]
[WhiteElo "2462"]
[BlackElo "2524"]

1.e4 c5 2.Nc3 Nc6 3.Bb5 Nd4 4.Bc4 g6 5.Nf3 Bg7 6.Nxd4 cxd4 7.Qf3 Nh6 8.Ne2 O-O
9.d3 Ng4 10.Bb3 d6 11.O-O a5 12.a4 Qb6 13.Qg3 Nf6 14.f4 Bg4 15.e5 dxe5 16.fxe5 Bxe2
17.exf6 exf6 18.Re1 Rfe8 19.Bf4 Rac8 20.Kf2 Bh5 21.Kf1 g5 22.Bd2 Bf8 23.Rxe8 Rxe8
24.Re1 Rxe1+ 25.Qxe1 Qd6 26.h4 h6 27.hxg5 hxg5 28.Bxa5 b6 29.Bd2 Qh2 30.Bb4 Qf4+
31.Kg1 Bxb4 32.Qxb4 Qe3+ 33.Kh2 Qf4+ 34.Kg1 g4 35.Qe1 g3 36.Be6 fxe6 37.Qxe6+ Kg7
38.Qe7+ Bf7 39.Qe1 Qh4 40.Qe4 Qh2+ 41.Kf1 Qh1+  0-1